The Revolutionary War - Statistics

General Stats
  • This quiz has been taken 76 times
  • The average score is 9 of 14
Answer Stats
Hint Answer % Correct
How many original colonies were there? 13
78%
What country was being fought against by the above answer? England
78%
When did the Revolutionary War begin? 1776
73%
What modern country was fighting for independence? America
73%
What was the name of the event in which the Sons of Liberty dressed up as Native Americans and threw a certain good into the sea? The Boston Tea Party
73%
Who was the leader of the American militias? George Washington
70%
The taxing of what is an infamous cause for the war? Tea
70%
Who supposedly rode on horseback saying "The British are coming!" Paul Revere
67%
What letter, sent by the colonies, demanded freedom? The Declaration of Independence
65%
What state gained a reputation for being home to many important founding fathers? Virginia
60%
When did we stop fighting? 1783
57%
Who was the King of the above answer? George III
56%
What document was the predecessor to the constitution? The Articles of Confederation
38%
What was the name of the rebellion trying to free the colonies? The Sons of Liberty
13%
No matching quizzes found
Score Distribution
Percent of People with Each Score
Percentile by Number Answered
Your Score History
You have not taken this quiz